000 00303 a2200157 4500
001 179118
020 _a
040 _cMagnum
100 _aBarbot, Daniel
240 1 0 _aDente mole
_lpor
245 1 0 _aDente mole
362 0 _a1899
440 1 _aÁtica
697 _aMAGNITO: I/GERAL
942 _cBK
999 _c179118
_d179118